00466nam a2200121Ia 45000010005000000080041000050820024000461000098000702450110001682600024002789010027003029990015003293733241024s9999 xx 000 0 und d aRD/796.4/R426b/2013 aRepública Dominicana.Ministerio de Educación. Instituto Nacional de Educación Física. 0aBoletín de estadísticas, sobre recursos humanos y planta física del área de Educación física. bSanto Domingoc2103 a17/3/2014 2:51:51 p.m. c7929d7929